Une réplique = un film commençant par A - Statistiques

Statistiques générales
  • Ce quiz a été pris 50 fois
  • Le résultat moyen est 6 sur 20
Statistiques - réponses
Réplique(s) Film(s) % Correct
Débrouilles-toi pour que ces pierres n'arrivent jamais au chantier. Pas de pierre, pas de construction. Pas de construction, pas de palais. Pas de palais... pas de palais. Asterix et Obelix Mission Cleopatre
89%
- Je suis inéluctable. - Et… moi… je suis Iron Man ! [Thanos et Tony Stark] Avengers Endgame
84%
J'adore respirer l'odeur du Napalm le matin. [Lieutenant Colonel Kilgore] Apocalypse Now
71%
Je propose qu’on décolle et qu’on fasse sauter une charge nucléaire. Là au moins on sera sûr du résultat ! [Lieutenant Ellen Ripley] Aliens Le retour
67%
Une des grandes erreurs que l'on peut commettre est de croire que les bonnes manières ne sont que l'expression d'une pensée heureuse. [Patrick Bateman] American Psycho
51%
Ceci n'est pas un exercice. Ce message d'alerte annonce le commencement de la purge annuelle ratifiée par le gouvernement des États-Unis. L'usage d'armes de classe 4 ou inférieur est autorisé pendant la purge. Toutes les autres armes sont interdites. American Nightmare (La Purge)
44%
Avec Neytiri, t’as intérêt à apprendre vite, sinon tu meurs. // Patron, y’a un Indigène qui danse le Funk devant ma lame ! Avatar
40%
À toutes les unités... lesbiennes potentielles viennent de quitter la maison. [Steve Stifler] American Pie
31%
Je suis un homme vulgaire mais je vous assure que ma musique ne l'est pas. Amadeus
29%
La société secrète des illuminati se vouaient à la vérité scientifique. L'église catholique a ordonné un terrible massacre pour la faire taire à jamais et elle vient d'obtenir vengeance. [Robert Langdon] Anges et démons
24%
Ton nom vivra à jamais dans l'histoire // Tout ce que tu désires, le monde entier est à toi. [Olympias] Alexandre
18%
- Dimitri ? - Hum ? - Tu crois qu’je suis une grande duchesse ? - J’en suis même sur ! - Alors arrête un peu de me donner des ordres ! Anastasia
11%
Ecoutez-moi... vous savez qui je suis... je suis le président des États-Unis. [Le Président James Marshall] Change le plan de vol Dany, cap sur la Barbade. [Le Président James Marshall] Air Force One
9%
Messieurs, il ne vous reste qu'à trouver un moyen de faire entrer une pointe carrée dans un trou rond. [Gene Kranz] Apollo 13
9%
- Comment dis-tu ""avance"" en arabe ? - Yallah, mam'selle. - Allez, yallah !... Et comment dis-tu ""Avance sale bourrique ou j'te découpe en rondelles"" ? Adèle blanc sec
7%
Si nous ne réussissons pas, nos petits-enfants et leurs petits-enfants mendieront des miettes aux Américains! [Antonio Lopez de Santa Ana] Alamo
4%
Nous allons disputer une partie dangereuse, c'est une partie d'échecs contre notre éternel adversaire: la marine américaine. A la poursuite d'Octobre Rouge
2%
- Je m'engage à vous faire souffrir le moins possible. [le capitaine] - Merci mon capitaine mais la souffrance ne me fait pas peur. [Le lieutenant Jordan O'Neil] " A armes égales
0%
- Cette charmante jeune femme vient de me mettre au défi de vous montrer mon matos. - déjà vu... rien d'impressionnant! Action ou vérité
0%
Voilà ce qu'on va faire : tu vas venir chanter la chanson que j'adore. [Jackson Maine] A star is born
0%
Aucun quiz correspondant
Distribution des résultats
% des personnes avec chaque résultat
Percentile par nombre de réponses
Votre historique - résultats
Vous n’avez pas pris ce quiz